000 nam a22 7a 4500
999 _c7911
_d7911
008 171108b xxu||||| |||| 00| 0 eng d
100 _94376
_aDHILLON DP.ET AL
245 _aPERFECT PSA PROBLEM SOLVING-VII
260 _aDELHI
_bAPC
_c2015